00490nmm a2200169Ia 4500008004100000020001800041041000800059100003200067245003100099264005200130300001800182490001300200650003200213856005100245942000700296999001700303251105s9999||||xx |||||||||||||||||und|| a9788415472339 aspa aGonzález-Trevijano, Pedro 0aMagnicidios de la historia a[Madrid, España] :bGalaxia Gutenberg, c2012 a304 páginas aHistoria aPolitical Science (General) uhttps://public.digitaliapublishing.com/a/29471 cCF c76728d76728